| 000 | 01063cam a2200253 4500 | ||
|---|---|---|---|
| 001 | WB3809-25 | ||
| 008 | 020306n2002 000 0 eng u | ||
| 035 | _a(Sirsi) u117032 | ||
| 245 | _aDraft guidance | ||
| 260 | _c2002 | ||
| 490 |
_aRICS Rural Faculty News _v 5 March 2002 (1) |
||
| 520 | _aRICS has responded to the DTI consultation paper, "Draft guidance for applicants and landowners/occupiers" relating to Electricity Act 1989 Sch 4. RICS believes the current procedures and regulations relating to wayleaves and easements are overly complex and lead to confusion. The full submission is at http://www.rics.org/ricscms/bin/show?class=Policy&template=/includes/showpolicy.html&id=668 For further information contact Ewan Willars t +44 (0)20 73343751 or e [email protected] | ||
| 590 | _aWB | ||
| 650 | _aLANDOWNERS | ||
| 650 | _aOCCUPIERS | ||
| 650 | _aGUIDANCE | ||
| 650 | _aRICS | ||
| 650 | _aWAYLEAVES | ||
| 650 | _aEASEMENTS | ||
| 650 | _aELECTRICITY ACT 1989 SCH 4 | ||
| 650 | _aRIGHTS OF WAY | ||
| 690 | _aPROPERTY | ||
| 942 | _n0 | ||
| 999 |
_c69721 _d69721 |
||